Flying pack /
Kids have great imaginations, which is exactly what is needed in the wild world of invention. Ever seen a Pneumatic Pogo Bike? What about a six-legged Hydraulic Walking Car, Jet Turbine Skates, A Fishtank Belt or a jet-powered Hover Skateboard? Here's your chance to see brilliant inventions mad...
| Other Authors: | , , , |
|---|---|
| Format: | Video |
| Language: | English |
| Language Notes: | This edition in English. |
| Published: |
Sydney, New South Wales :
ABC Commercial,
2008.
|
| Series: | Let's get inventin' ;
Series 2, Episode 8 VAST: academic video online |
| Subjects: | |
| Online Access: | Connect to this streaming video (Alexander Street Press) |
MARC
| Tag | First Indicator | Second Indicator | Subfields |
|---|---|---|---|
| LEADER | 00000cgm a2200000Ma 4500 | ||
| 001 | in00005557230 | ||
| 006 | m o c | ||
| 007 | cr |n||||||||a | ||
| 007 | vz |za|z| | ||
| 008 | 140513s2008 xna022 e o vueng d | ||
| 005 | 20241201231012.6 | ||
| 035 | |a (OCoLC)ocn885256807 | ||
| 040 | |a ALSTP |b eng |e pn |c ALSTP |d OCLCO |d OCLCF |d OCLCQ |d OCLCO |d OCLCQ |d CAUOI |d MNI |d OCLCA |d WYU |d UPM |d OCLCO |d CJT |d OCLCL |d NUI |d OCLCO | ||
| 019 | |a 1373419645 |a 1430825300 |a 1443997988 | ||
| 035 | |a (OCoLC)885256807 |z (OCoLC)1373419645 |z (OCoLC)1430825300 |z (OCoLC)1443997988 | ||
| 049 | |a TXAM | ||
| 245 | 0 | 0 | |a Flying pack / |c produced by Neil Stichbury. |
| 260 | |a Sydney, New South Wales : |b ABC Commercial, |c 2008. | ||
| 300 | |a 1 online resource (22 min.). | ||
| 306 | |a 002226 | ||
| 336 | |a two-dimensional moving image |b tdi |2 rdacontent | ||
| 337 | |a computer |b c |2 rdamedia | ||
| 338 | |a online resource |b cr |2 rdacarrier | ||
| 347 | |a data file |2 rda | ||
| 490 | 0 | |a Let's get inventin' ; |v Series 2, Episode 8 | |
| 490 | 0 | |a VAST: academic video online | |
| 500 | |a Title from resource description page (viewed July 10, 2014). | ||
| 520 | |a Kids have great imaginations, which is exactly what is needed in the wild world of invention. Ever seen a Pneumatic Pogo Bike? What about a six-legged Hydraulic Walking Car, Jet Turbine Skates, A Fishtank Belt or a jet-powered Hover Skateboard? Here's your chance to see brilliant inventions made by kids and tested by kids. Let's Get Inventin' reveals that young people can not only play the game but they can invent, design, and build the entire game itself. It proves to children that they themselves can create the rules and the adult world will follow. | ||
| 546 | |a This edition in English. | ||
| 650 | 0 | |a Inventions. | |
| 650 | 0 | |a Inventors. | |
| 650 | 2 | |a Inventors | |
| 650 | 6 | |a Inventions. | |
| 650 | 6 | |a Inventeurs. | |
| 650 | 7 | |a Inventions |2 fast | |
| 650 | 7 | |a Inventors |2 fast | |
| 655 | 2 | |a Documentaries and Factual Films | |
| 655 | 4 | |a Alexander Street Video. | |
| 655 | 7 | |a documentary film. |2 aat | |
| 655 | 7 | |a Documentary films |2 fast | |
| 655 | 7 | |a Documentary films. |2 lcgft | |
| 655 | 7 | |a Documentaires. |2 rvmgf | |
| 700 | 1 | |a Agnew, Summer. |4 drt | |
| 700 | 1 | |a Nola, Luke. |4 nrt | |
| 700 | 1 | |a Page, Greg, |d 1972- |4 nrt |1 https://id.oclc.org/worldcat/entity/E39PBJjHdH3VwYQ7KvqQdc4jG3 | |
| 700 | 1 | |a Stichbury, Neil. |4 pro | |
| 710 | 2 | |a Television New Zealand. |4 prn | |
| 758 | |i has work: |a Flying pack (MovingImage) |1 https://id.oclc.org/worldcat/entity/E39PCGkyjJpJKWQjCgMQ39x79C |4 https://id.oclc.org/worldcat/ontology/hasWork | ||
| 856 | 4 | 0 | |u http://proxy.library.tamu.edu/login?url=https://www.aspresolver.com/aspresolver.asp?VAST;2174996 |z Connect to this streaming video (Alexander Street Press) |t 0 |
| 955 | |a Alexander Street Press subscription streaming video | ||
| 994 | |a 92 |b TXA | ||
| 999 | f | f | |s ba39cc5c-0373-43dc-b844-1bd6ace8197c |i 2b1df55d-8d47-44a7-8fb9-98557a12bf93 |t 0 |
| 952 | f | f | |a Texas A&M University |b College Station |c Electronic Resources |d Available Online |t 0 |h Library of Congress classification |
| 998 | f | f | |t 0 |l Available Online |